LEADER 01989oas 2200817 a 450 001 9910131433803321 005 20251106213014.0 011 $a1608-3032 035 $a(DE-599)ZDB2041952-1 035 $a(OCoLC)48398483 035 $a(CONSER) 2007233486 035 $a(CKB)954925383083 035 $a(EXLCZ)99954925383083 100 $a20011110a19569999 sy 101 0 $aeng 135 $aurmnu|||||||| 181 $ctxt$2rdacontent 182 $cc$2rdamedia 183 $acr$2rdacarrier 200 00$aAutomation and remote control 210 $aRussia, Moscow $cPleiades Pub 300 $aRefereed/Peer-reviewed 311 08$a0005-1179 531 0 $aAutom. remote control 606 $aAutomatic control$vPeriodicals 606 $aRemote control$vPeriodicals 606 $aCommande automatique$vPe?riodiques 606 $aTe?le?commande$vPe?riodiques 606 $aAutomation$2ebps 606 $aAutomatic control$2fast$3(OCoLC)fst00822702 606 $aRemote control$2fast$3(OCoLC)fst01094465 608 $aPeriodicals.$2fast 615 0$aAutomatic control 615 0$aRemote control 615 6$aCommande automatique 615 6$aTe?le?commande 615 7$aAutomation. 615 7$aAutomatic control. 615 7$aRemote control. 676 $a629.8 801 0$bF#A 801 1$bF#A 801 2$bOCLCQ 801 2$bGUA 801 2$bQCL 801 2$bGUA 801 2$bVRC 801 2$bU9S 801 2$bOCLCQ 801 2$bOCLCF 801 2$bOCLCO 801 2$bOCLCQ 801 2$bWT2 801 2$bOCLCQ 801 2$bAU@ 801 2$bDLC 801 2$bWYU 801 2$bUKMGB 801 2$bVT2 801 2$bNJT 801 2$bOCLCQ 801 2$bSRU 801 2$bOCLCO 801 2$bOCLCQ 801 2$bOCLCL 801 2$bDLC 801 2$bOCLCQ 906 $aJOURNAL 912 $a9910131433803321 996 $aAutomation and remote control$9799843 997 $aUNINA